000 00481nam a2200145Ia 4500
008 100204s9999 xx 000 0 und d
082 _b14959
100 _aसोवनी रा. वि.
245 _aकन्सल्टिंग रुम
260 _b"मनोरमा प्रकाशन , मुंबई"
_c1991
300 _a135
630 _aकन्सल्टिंग रुम
730 _aकन्सल्टिंग रुम
942 _cBOOK
999 _c459390
_d459387